| 000 | 01191nam a2200289Ia 4500 | ||
|---|---|---|---|
| 003 | PE SENCICO BE | ||
| 005 | 20251020182440.0 | ||
| 008 | 200515s9999 xx 000 0 und d | ||
| 020 | _a84-95279-70-3 | ||
| 040 |
_aPE SENCICO BE _cPE SENCICO BE |
||
| 041 | _aspa | ||
| 082 |
_a526.9 _bF38 |
||
| 100 | 1 |
_aFernández García, Silvino _93281 _eautor |
|
| 245 | 0 |
_aTopografía para ingenieros / _cSilvino Fernández García |
|
| 250 | _a1a ed. | ||
| 260 |
_aMadrid : _bBellisco Ediciones Técnicas y Científicas ; _c2003 |
||
| 300 |
_a333 páginas : _bilustraciones, tablas, gráficos ; _c24 cm. |
||
| 490 |
_aBiblioteca Técnica Universitaria. _aGeodesia y topografía _v9 |
||
| 505 | 0 | _aElementos y accesorios de los instrumentos -- Medicines de distancias -- Instrumentos topográficos -- Métodos planimétricos -- Métodos altimétricos -- Métodos taquimétricos -- Geodesia y astronomía -- Cartografía -- Fotogrametría y teledetección | |
| 650 | 1 | 0 |
_aTopografía _94 |
| 650 | 2 | 0 |
_aInstrumentos topográficos _9124 |
| 650 | 2 | 0 |
_aGeodesia _92 |
| 650 | 2 | 0 |
_aCartografía _91 |
| 650 | 2 | 0 |
_aFotogrametría _9120 |
| 700 | 1 |
_93282 _aGil Docampo, Luz _dautor |
|
| 942 |
_cLIB _2ddc |
||
| 999 |
_c517 _d517 |
||